Представление документа в формате RUSMARC

ПолеНазваниеЗначение
  Тип записи a
  Библиографический уровень c
001 Контрольный номер RU/SLIB/B/208784080
005 Дата корректировки 20220516112339.5
010 Индекс ISBN __
d Цена 1-20
101 Язык документа 0_
a Язык текста rus
200 Заглавие и сведения об ответственности 1_
a Заглавие Дом на Монетной ; Мост вздохов
e Сведения, относящиеся к заглавию [повести]. Избранное : [для сред. и ст. шк. возраста]
f Первые сведения об ответственности В. А. Морозова ; вступ. ст. А. Рутько ; рис. И. Ушакова
b Общее обозначение материала Текст
210 Выходные данные 1_
a Место издания М.
c Издательство Дет. лит.
d Дата издания 1981
215 Физическое описание __
a Объем 447 с., рис.
327 Примечание о содержании 0_
a Примечание о содержании Мост вздохов
606 Тематические рубрики __
a Основная рубрика Художественная литература
z Хронологическая подрубрика 20 в.
y Географическая подрубрика Россия
606 Тематические рубрики __
a Основная рубрика Русская литература XX в. (произведения)
610 Ключевые слова 0_
a Ключевые слова проза; повести
686 Индексы других классификаций __
a Классификационный индекс 84(2Рос=Рус)6-4 ; ст84(2Рос=Рус)6-4
700 Автор _1
a Фамилия Морозова
b Имя В. А.
4 Код отношения 070
702 Вторичная интеллектуальная ответственность _1
a Фамилия Рутько
b Имя А.
4 Код отношения Автор предисловия и т.д.
4 Код отношения 080
702 Вторичная интеллектуальная ответственность _1
a Фамилия Ушаков
b Имя И.
4 Код отношения Художник
4 Код отношения 040
801 Источник записи _0
a Страна RU
b Организация Муниципальное бюджетное учреждение культуры "Централизованная библиотечная система" г. Сургут (Центральная городская библиотека им. А. С. Пушкина)
g Правила каталогизации КиК/Чорнонос Е.В.
801 Источник записи _1
a Страна RU
b Организация Муниципальное бюджетное учреждение культуры "Централизованная библиотечная система" г. Сургут (Центральная городская библиотека им. А. С. Пушкина)
g Правила каталогизации КиК/Чорнонос Е.В.
852 Данные о местонахождении __
j Шифр хранения 84(2Рос=Рус)6-4
i Авторский знак М 80
p Инвентарный номер 7482
901 Тип документа __
t Тип документа x
969 Тип издания __
a Тип издания сборник
990 Данные о заказе (DOS) __
j Количество экземпляров (DOS) 1
t N записи в КСУ для И/У (DOS) ретро